| 000 | 00929cam5a220024100 4500 | ||
|---|---|---|---|
| 001 | qce01683226 | ||
| 005 | 20190830090951.0 | ||
| 008 | 731003s1952 ilu b 000 0 eng | ||
| 010 | _a 52013967 /L | ||
| 035 | _a(Sirsi) r108062 | ||
| 035 | _a(QCAT)lss00475616 | ||
| 035 | _a(UPRA)qce01683226 | ||
| 040 | _dUPRA | ||
| 100 | 1 |
_aHughes, Everett Cherrington, 1897- _dHughes, Everett Cherrington, 1897- _6A49406.1 |
|
| 245 | 1 | 0 |
_aWhere peoples meet : _bracial and ethnic frontiers / _cby Everett Cherrington Hughes and Helen MacGill Hughes. |
| 260 |
_aGlencoe, IL : _bFree Press, _c[c1952] |
||
| 504 | _aBibliographical footnotes. | ||
| 650 | 0 |
_aRace relations. _6S22134.1 |
|
| 651 | 0 |
_aUnited States -- Race relations. _xUnited States -- Race relations. _6S2873.1 |
|
| 700 | 1 |
_aHughes, Helen MacGill, 1903- _dHughes, Helen MacGill, 1903- _6A66414.1 |
|
| 949 |
_aHT1521 _wlcc _i-154059 _mMAIN _tBOOK _lON-SHELF |
||
| 004 | 108062 | ||
| 999 |
_c178727 _d178727 |
||